Bertrand Cavalier : permanent concern /

The photobook "Permanent concern" consists of a series of smartphone photographs that Cavalier took in the Netherlands in 2021. The objects and situations that he portrays are often recognizable and ordinary: from a plastic table to a brick wall blotched with paint or a girl's skippin...

Full description

Bibliographic Details
Other Authors: Cavalier, Bertrand (Photographer), Gewinner, Malin, 1987- (Editor)
Format: Book
Language:English
Published: Leipzig : Spector Books, 2024.
Edition:First edition.
Subjects:

MARC

Tag First Indicator Second Indicator Subfields
LEADER 00000cam a2200000 i 4500
001 in00005656607
008 240810s2024 gw af 000 0 eng d
005 20250804223556.4
035 |a (OCoLC)on1451854526 
040 |a OHX  |b eng  |e rda  |c OHX  |d JPG  |d OCLCO  |d JPG  |d YDX 
020 |a 9783959058032 
020 |a 3959058039 
024 3 |a 9783959058032 
035 |a (OCoLC)1451854526 
043 |a e-ne--- 
050 4 |a TR655  |b .C383 2024 
072 7 |a TR  |2 lcco 
082 0 4 |a 779.092  |2 23 
100 1 |a Cavalier, Bertrand,  |e photographer.  |1 https://id.oclc.org/worldcat/entity/E39PCjv9hvtG4BVq7TfkQk9ppq 
245 1 0 |a Bertrand Cavalier :  |b permanent concern /  |c design, Malin Gewinner and Bertrand Cavalier. 
246 3 0 |a Permanent concern 
250 |a First edition. 
264 1 |a Leipzig :  |b Spector Books,  |c 2024. 
264 2 |a [New York] :  |b Distribution, USA, Canada, Cantral and South America, Africa, Artbook/D.A.P. 
300 |a 58 unnumbered leaves of plates :  |b chiefly illustrations ;  |c 28 cm 
336 |a still image  |b sti  |2 rdacontent 
336 |a text  |b txt  |2 rdacontent 
337 |a unmediated  |b n  |2 rdamedia 
338 |a volume  |b nc  |2 rdacarrier 
500 |a Title from cover. 
500 |a All illustrations with no text. 
520 |a The photobook "Permanent concern" consists of a series of smartphone photographs that Cavalier took in the Netherlands in 2021. The objects and situations that he portrays are often recognizable and ordinary: from a plastic table to a brick wall blotched with paint or a girl's skipping rope. The full zoom used by Cavalier reveals - in much the same way as his presentation of the photographs as monochrome laser prints does - the inherent structure of his subjects and how, as ?foreign objects?, they break with the original order. In this way, Cavalier emphasizes the various aspects of urban planning, including among them the unintentional, the ?mishap?, which he characterizes as a quality that allows room for a subjective and personal use of the cities in which we live. 
600 1 0 |a Cavalier, Bertrand. 
650 0 |a Photography, Artistic  |y 21st century. 
650 0 |a Smartphone photography. 
650 0 |a Black-and-white photography  |z Netherlands. 
650 6 |a Photographie artistique  |y 21e siècle. 
650 6 |a Photographie en noir et blanc  |z Pays-Bas. 
655 7 |a photobooks.  |2 aat 
655 7 |a Photobooks.  |2 lcgft 
655 7 |a Livres de photographies.  |2 rvmgf 
700 1 |a Gewinner, Malin,  |d 1987-  |e editor.  |1 https://id.oclc.org/worldcat/entity/E39PCjvQT3VYvVfvcYmvTV3YT3 
852 8 |b POD  |z This title is available for the library to purchase for your use. Click the "Purchase It For Me" button to place a request. This item will take 5-10 business days to arrive. 
955 |a Print PDA title 
961 |m 565730 
999 f f |s b7e0dddb-3ff1-413b-979c-fc8e36376b5b  |i 2ae6821f-5519-47a3-b5ee-1be71da36d0c  |t 0 
952 f f |a Texas A&M University  |b College Station  |c Sterling C. Evans Library  |d Purchase on Demand  |t 0  |e TR655 .C383 2024  |h Library of Congress classification 
998 f f |a TR655 .C383 2024  |t 0  |l Purchase on Demand